000 00419nam a2200169Ia 4500
003 GCL
008 140319s9999 xx 000 0 eng d
040 _aGCL /
_cGCL
082 0 4 _a338.0919
_bT C
100 1 _aTAYLOR, GRAHONN
245 1 0 _aCOMMERCAVZATION OF SPACE /
_cTAYLOR, GRAHONN
260 _a[S.N] :
_bFRANKLIN WATTS ،
_c1987
300 _a126 P
650 0 4 _aCOMMERCE
650 0 4 _aSPACE
942 _2ddc
_cBK
999 _c19141
_d19141